The Carriers of the American daily advertiser to their customers : on the commencement of the year 1795.

Bibliographic Details
Format: eBook
Language:English
Series:Early American imprints. Evans (1639-1800) ; no. 47373.
Subjects:
Online Access:Evans Digital Edition

MARC

Tag First Indicator Second Indicator Subfields
LEADER 00000cam a2200000 a 4500
001 in00002163313
006 m e d #
007 cr mn mmmmabba
008 820510s1794 pau s 000 0 eng d
005 20260331164137.9
035 |z w011814 
035 |a MAAR8205104455B 
035 |9 mwa91-6532 
035 |a 334209 
035 |a aas03011814 
040 |a MWA  |c MWA  |e bdrb  |d UtOrBLW 
245 0 4 |a The Carriers of the American daily advertiser to their customers :  |b on the commencement of the year 1795. 
264 3 |a [Philadelphia] :  |b [Printed by John Dunlap and David C. Claypoole],  |c [1794] 
300 |a 1 sheet (1 unnumbered page) ;  |c 23 x 18 cm. 
336 |a text  |b txt  |2 rdacontent 
337 |a computer  |b c  |2 rdamedia 
338 |a online resource  |b cr  |2 rdacarrier 
500 |a Presumably printed late in 1794 by John Dunlap and David C. Claypoole, printers of Dunlap's American daily advertiser, Philadelphia, for distribution on or about New Year's Day. 
500 |a Text in two; printed area, including ornamental border, measures 20.5 x 16.0 cm. 
510 4 |a Bristol  |c B9012 
510 4 |a Shipton & Mooney  |c 47373 
510 4 |a McDonald, G.D. Carriers' addresses,  |c 313 
530 |a Microform version available in the Readex Early American Imprints series. 
533 |a Electronic text and image data.  |b [Chester, Vt. :  |c Readex, a division of Newsbank, Inc.,  |d 2002-2004.  |e Includes files in TIFF, GIF and PDF formats with inclusion of keyword searchable text.  |f (Early American imprints. First series ; no. 47373). 
500 |a Electronic resource. 
655 7 |a Broadsides.  |2 rbgenr 
655 7 |a Carriers' addresses  |y 1795.  |2 rbgenr 
655 7 |a Poems  |y 1794.  |2 rbgenr 
730 0 |a Dunlap's American daily advertiser. 
752 |a United States  |b Pennsylvania  |d Philadelphia. 
830 0 |a Early American imprints.  |n Series I,  |p Evans (1639-1800) ;  |v no. 47373. 
856 4 1 |u http://proxy.library.tamu.edu/login?url=https://opac.newsbank.com/select/evans/47373  |y Evans Digital Edition  |t 0 
999 |a MARS 
999 f f |s eeb95500-4f66-3baf-819e-f58b91c69c87  |i bfe4809a-637f-3c68-8def-93825f3eb361  |t 0 
952 f f |a Texas A&M University  |b College Station  |c Electronic Resources  |s www_evans  |d Available Online  |t 0  |h No information provided 
998 f f |t 0  |l Available Online